| 000 | 00597nam a2200181 a 4500 | ||
|---|---|---|---|
| 001 | 000016410 | ||
| 005 | 20240305082246.0 | ||
| 008 | 100305s2010 dr 000 0 spa d | ||
| 040 |
_aDO-SdBNP _bspa _cBNPHU |
||
| 082 |
_axxxx _bA452m |
||
| 100 | 1 |
_aAlmonte, Mario José _d1980- _936579 |
|
| 245 | 1 | 0 |
_aMemoria de luz / _cMario José Almonte ; prólogo Fernando Pérez Memén. |
| 260 |
_a[Santo Domingo] : _bNani, _c2010. |
||
| 300 |
_a163 p. ; _c22 cm. |
||
| 500 | _aIncluye datos biográficos del autor en las solapas | ||
| 700 | 1 |
_aPérez Memén, Fernando, _d1943- _epról. _938744 |
|
| 049 | _aBNPD | ||
| 999 |
_c15945 _d15945 |
||